| 000 | 00536nam a2200193Ia 4500 | ||
|---|---|---|---|
| 999 |
_c33791 _d33791 |
||
| 003 | OSt | ||
| 005 | 20200917141800.0 | ||
| 008 | 190216s9999||||xx |||||||||||||| ||und|| | ||
| 020 | _a0074621866 | ||
| 040 | _coclc | ||
| 082 |
_a621.381 _bKAL/E |
||
| 100 |
_aKalsi, H S _94554 |
||
| 245 | 0 |
_aElectronic Instrumentation / _cH S Kalsi |
|
| 250 | _a1st Ed. | ||
| 260 |
_bTata Mcgrawhill Publishers, _c2003. _aNew Delhi: |
||
| 300 | _a635p | ||
| 650 | _aPhysics | ||
| 942 |
_cBK _2ddc _h621.381 _iKAL/E _k621.381 _mKAL/E |
||